Who's who in frontier science and technology. (Record no. 10976)

MARC details
000 -LEADER
fixed length control field 02655nam a2200529 4500
001 - CONTROL NUMBER
control field 000
005 - DATE AND TIME OF LATEST TRANSACTION
control field 20150629154811.0
007 - PHYSICAL DESCRIPTION FIXED FIELD--GENERAL INFORMATION
fixed length control field 000
008 - FIXED-LENGTH DATA ELEMENTS--GENERAL INFORMATION
fixed length control field 000
010 ## - LIBRARY OF CONGRESS CONTROL NUMBER
LC control number 84646529
Canceled/invalid LC control number sc 84001789
-- sn 84011881
015 ## - NATIONAL BIBLIOGRAPHY NUMBER
National bibliography number 011400854
Source dnb
016 7# - NATIONAL BIBLIOGRAPHIC AGENCY CONTROL NUMBER
Record control number 8507096
Source DNLM
Record control number SR0052986
Source DNLM
Record control number 233539-6
Source DE-600
022 0# - INTERNATIONAL STANDARD SERIAL NUMBER
International Standard Serial Number 0749-2324
Source 1
035 ## - SYSTEM CONTROL NUMBER
System control number (OCoLC)ocm10686136
040 ## - CATALOGING SOURCE
Original cataloging agency UOEL
Transcribing agency DNSF
Modifying agency WaU
-- MH
-- NST
-- DLC
-- MH
-- DLC
-- NSDP
-- MH
-- NST
-- DLC
-- NST
-- InU
-- NST
-- OCoLC
-- NST
-- MH
-- NST
-- DNLM
-- WaU
-- NST
-- OCoLC
-- CaQQL
-- OCoLC
-- GBVCP
-- WaU
042 ## - AUTHENTICATION CODE
Authentication code pcc
-- nsdp
043 ## - GEOGRAPHIC AREA CODE
Geographic area code n-us---
-- n-cn---
050 00 - LIBRARY OF CONGRESS CALL NUMBER
Classification number REF Q141
Item number .W4
060 00 - NATIONAL LIBRARY OF MEDICINE CALL NUMBER
Classification number Q 145
Item number W628
082 14 - DEWEY DECIMAL CLASSIFICATION NUMBER
Classification number 509.2/2
-- B
Edition number 19
222 #0 - KEY TITLE
Key title Who's who in frontier science and technology
245 00 - TITLE STATEMENT
Title Who's who in frontier science and technology.
260 ## - PUBLICATION, DISTRIBUTION, ETC. (IMPRINT)
Place of publication, distribution, etc Chicago, Ill. :
Name of publisher, distributor, etc Marquis Who's Who,
Date of publication, distribution, etc c1984.
265 ## - SOURCE FOR ACQUISITION/SUBSCRIPTION ADDRESS [OBSOLETE]
Source for acquisition/subscription address [OBSOLETE] Marquis Who's Who, Inc., 200 E. Ohio St., Chicago, Ill. 60611
300 ## - PHYSICAL DESCRIPTION
Extent 1 v. ;
Dimensions 31 cm.
362 0# - DATES OF PUBLICATION AND/OR SEQUENTIAL DESIGNATION
Dates of publication and/or sequential designation 1st ed. (1984-1985).
520 8# - SUMMARY, ETC.
Summary, etc Biographical entries to scientists working in new areas of traditional fields of research and those working with advanced technology. Inclusion of scientists was based on current reference value, i.e., "incumbency in defined position" or "attainment of a significant level of achievement." Alphabetical order by names. Each entry gives personal, educational, and professional information. Index by fields and subspecialties.
530 ## - ADDITIONAL PHYSICAL FORM AVAILABLE NOTE
Additional physical form available note Also issued online.
590 ## - LOCAL NOTE (RLIN)
Local note SERBIB/SERLOC merged record
650 #0 - SUBJECT ADDED ENTRY--TOPICAL TERM
Topical term or geographic name as entry element Scientists
Geographic subdivision United States
General subdivision Biography
Form subdivision Periodicals.
Topical term or geographic name as entry element Scientists
Geographic subdivision Canada
General subdivision Biography
Form subdivision Periodicals.
Topical term or geographic name as entry element Science
Geographic subdivision Canada
Form subdivision Directory.
Topical term or geographic name as entry element Science
Geographic subdivision United States
Form subdivision Directory.
Topical term or geographic name as entry element Technology
Geographic subdivision Canada
Form subdivision Directory.
Topical term or geographic name as entry element Technology
Geographic subdivision United States
Form subdivision Directory.
Topical term or geographic name as entry element Scientifiques
Geographic subdivision Amérique du Nord
Form subdivision Biographies.
Topical term or geographic name as entry element Techniciens
Geographic subdivision Amérique du Nord
Form subdivision Biographies.
710 2# - ADDED ENTRY--CORPORATE NAME
Corporate name or jurisdiction name as entry element Marquis Who's Who, Inc.
776 08 - ADDITIONAL PHYSICAL FORM ENTRY
Display text Online version:
Title Who's who in frontier science and technology
Record control number (OCoLC)557486193
785 00 - SUCCEEDING ENTRY
Title Who's who in frontiers of science and technology
Record control number (DLC)sn 86043120
-- (OCoLC)13058889
906 ## - LOCAL DATA ELEMENT F, LDF (RLIN)
a 7
b cbc
c serials
d 2
e ncip
f 19
g n-oclcserc
936 ## - OCLC/CONSER MISCELLANEOUS DATA (OCLC); PIECE USED FOR CATALOGING (pre-AACR2) (RLIN)
OCLC control number(s) of parallel record(s) (OCLC); Piece used for cataloging, PUC (RLIN) 1984-1985
942 ## - ADDED ENTRY ELEMENTS (KOHA)
Source of classification or shelving scheme Library of Congress Classification
Item type Reference
Holdings
Withdrawn status Lost status Source of classification or shelving scheme Damaged status Not for loan Home library Current library Shelving location Date acquired Total Checkouts Full call number Barcode Date last seen Copy number Price effective from Koha item type
    Library of Congress Classification     UOE Main Library UOE Main Library Reference 29/06/2015   REF Q141 .W4 882162 29/06/2015 882162 29/06/2015 Reference